đŸŽ¶ Paroles "Fin octobre, dĂ©but novembre" Boulay - Statistiques

Statistiques générales
  • Ce quiz a Ă©tĂ© pris 17 fois
  • Le rĂ©sultat moyen est 204 sur 259
Statistiques - réponses
Mots % Correct
ai
100%
C'
100%
c'
100%
de
100%
début
100%
es
100%
est
100%
et
100%
fin
100%
j'
100%
J'
100%
l'
100%
L'
100%
la
100%
lĂ 
100%
Laurent
100%
Le
100%
le
100%
Les
100%
les
100%
me
100%
Moi
100%
moi
100%
Mon
100%
Mont-
100%
Montréal
100%
novembre
100%
octobre
100%
Royal
100%
s'
100%
Saint-
100%
sur
100%
T'
100%
Babel
92%
dis-
92%
Je
92%
je
92%
Ma
92%
que
92%
te
92%
toi
92%
tour
92%
tu
92%
tu ?
92%
Un
92%
un
92%
amour
83%
cours
83%
en
83%
manques
83%
manques.
83%
ont
83%
ta
83%
tout
83%
une
83%
au
75%
ciel
75%
dans
75%
fais
75%
leurs
75%
Mais
75%
pas
75%
quand
75%
reviendras-
75%
sa
75%
Si
75%
ville
75%
arbres
67%
comme
67%
Fou
67%
loin
67%
marche,
67%
nuit
67%
perdu
67%
sans
67%
sont
67%
temps
67%
ton
67%
Toutes
67%
absence
58%
beau
58%
bleu
58%
Chemin
58%
foule
58%
rose
58%
rouge
58%
vent
58%
veux
58%
voeux
58%
voix
58%
bonne
50%
bordel
50%
cherche
50%
entendre
50%
jour
50%
lavande
50%
main
50%
nids
50%
odeur
50%
peine
50%
perdue
50%
reviens-
50%
Seule
50%
balance
42%
bas
42%
chambre
42%
chance
42%
éparpille
42%
étoile
42%
ferment
42%
filante
42%
habits
42%
joli
42%
langues
42%
merles
42%
pesante
42%
pris
42%
rire
42%
Termine
42%
terre,
42%
vite
42%
bleus
33%
cadence
33%
court,
33%
Défaire
33%
dimanche
33%
endort
33%
garde
33%
noeud
33%
ventre
33%
automne
25%
bouge,
25%
odeurs
25%
rare
25%
jaune
17%
triste,
17%
Aucun quiz correspondant
Distribution des résultats
% des personnes avec chaque résultat
Percentile par nombre de réponses
Votre historique - résultats
Vous n’avez pas pris ce quiz